000
00307nam a22001337a 4500
020
_a
07-041084-4
082
_a
658.5 IND'M
100
_a
MAYNARD, H.B
_9
75693
245
_a
INDUSTRIAL ENGINEERING HANDBOK
250
_a
3RD
260
_a
NEWYORK
_b
MCGRAW HILL
_c
1971
300
_a
XXII,13-118P
942
_c
BK
999
_c
581084
_d
581084